Kontrafaktuálne hodnotenia dopadov nástrojov aktívnej politiky trhu práce habilitačná práca
Salvato in:
| Autore principale: | |
|---|---|
| Ente Autore: | |
| Natura: | Libro |
| Lingua: | slovacco |
| Pubblicazione: |
Bratislava
2020
|
| Soggetti: | |
| Tags: |
Nessun Tag, puoi essere il primo ad aggiungerne!!
|
MARC
| LEADER | 00000nbm a2200000 4500 | ||
|---|---|---|---|
| 001 | 0277456 | ||
| 005 | 20240502135140.2 | ||
| 041 | 0 | |a slo | |
| 044 | |a SK | ||
| 245 | 1 | 0 | |a Kontrafaktuálne hodnotenia dopadov nástrojov aktívnej politiky trhu práce |b habilitačná práca |c Lucia Švábová |
| 264 | 1 | |a Bratislava |c 2020 | |
| 300 | |a 160 s. | ||
| 610 | 2 | 0 | |a trh práce |
| 610 | 2 | 0 | |a politika zamestnanosti |
| 610 | 2 | 0 | |a štúdie |
| 610 | 2 | 0 | |a intervencie |
| 610 | 2 | 0 | |a mzdy |
| 610 | 2 | 0 | |a Slovensko |
| 610 | 2 | 0 | |a Európska únia |
| 100 | 1 | |a Švábová, Lucia | |
| 710 | 2 | |a Fakulta hospodárskej informatiky EU. Katedra štatistiky | |